Представление документа в формате RUSMARC

ПолеНазваниеЗначение
  Тип записи a
  Библиографический уровень m
001 Контрольный номер LIBNET\0000892668
005 Дата корректировки 20190718075527.9
010 Индекс ISBN __
a ISBN 978-5-9614-6624-9
d Цена 536-03
100 Данные общей обработки __
a Данные общей обработки 20180604d2018####u##y0rusy0189 ca
101 Язык документа 1_
a Язык текста rus
c Язык оригинала eng
102 Страна публикации __
a Страна публикации RU
105 Кодированные данные (монография) __
a Кодированные данные (монография) a###z###000|y
200 Заглавие и сведения об ответственности 1_
a Заглавие Думай как математик
e Сведения, относящиеся к заглавию как решать любые задачи быстрее и эффективнее
f Первые сведения об ответственности Барбара Оакли
g Последующие сведения об ответственности пер. с англ. [И. Майгурова
g Последующие сведения об ответственности науч. ред. Е. Лошкарева
g Последующие сведения об ответственности ред. Л. Рыклина]
d Параллельное заглавие A mind for numbers
z Язык параллельного заглавия eng
205 Сведения об издании __
a Основные сведения об издании 4-е издание
210 Выходные данные 1_
a Место издания Москва
c Издательство Альпина Паблишер
d Дата издания 2019
215 Физическое описание __
a Объем 283 с.
c Иллюстрации/тип воспроизводства ил.
d Формат 24
320 Библиография __
a Библиография Библиография: с. 261-275
330 Аннотация __
a Аннотация Принято считать, что математики - это люди, наделенные недюжинными интеллектуальными способностями, которые необходимо развивать с самого детства. И большинству точность и логичность математического мышления недоступна. Барбара Оакли, доктор наук, доказывает, что каждый может изменить способ своего мышления и овладеть приемами, которые используют все специалисты по точным наукам.
454 Оригинал _0
1 2001
a A mind for numbers
f Barbara Oakley
1 700 1
a Oakley
b B.
g Barbara
606 Тематические рубрики 1_
2 Код системы nlr_sh
3 Контрольный № нормативной записи RU\NLR\AUTH\66682651
a Основная рубрика Психология
606 Тематические рубрики __
a Основная рубрика Психические процессы
610 Ключевые слова 0_
a Ключевые слова математическое мышление
686 Индексы других классификаций __
a Индекс ББК 88.25
v Номер издания LBC/M
2 Код системы rubbk
700 Автор _1
a Фамилия Оакли
b Имя Б.
g Полное личное имя Барбара
702 Вторичная интеллектуальная ответственность _1
a Фамилия Майгурова
b Имя И.
4 Код отношения 730
702 Вторичная интеллектуальная ответственность _1
a Фамилия Лошкарева
b Имя Е.
4 Код отношения 340
702 Вторичная интеллектуальная ответственность _1
a Фамилия Рыклина
b Имя Л.
4 Код отношения 340
801 Источник записи _0
a Страна RU
b Организация Владимирская ОУНБ
c Дата составления 20180604
g Правила каталогизации rcr
801 Источник записи _1
a Страна RU
b Организация Владимирская ОУНБ
c Дата составления 20180604
801 Источник записи _2
a Страна RU
b Организация Центральная районная библиотека им. Г. А. Пирожникова
830 Общее примечание каталогизатора __
a Текст примечания 079
852 Данные о местонахождении __
j Шифр хранения 88.25
i Авторский знак О-121
901 Тип документа __
t Тип документа m
902 Роль лиц __
b Редактор БЗ ОКиОЛ/Струналь